<?xml version="1.0" encoding="UTF-8"?>
<collection xmlns="http://www.loc.gov/MARC21/slim">
    <record>
        <controlfield tag="001">32793</controlfield>
        <controlfield tag="005">20210121114517.0</controlfield>
        <datafield tag="024" ind1="7" ind2=" ">
            <subfield code="2">doi</subfield>
            <subfield code="a">10.5232/ricyde2015.04106</subfield>
        </datafield>
        <datafield tag="024" ind1="8" ind2=" ">
            <subfield code="2">sideral</subfield>
            <subfield code="a">91668</subfield>
        </datafield>
        <datafield tag="037" ind1=" " ind2=" ">
            <subfield code="a">ART-2015-91668</subfield>
        </datafield>
        <datafield tag="041" ind1=" " ind2=" ">
            <subfield code="a">spa</subfield>
        </datafield>
        <datafield tag="100" ind1=" " ind2=" ">
            <subfield code="0">(orcid)0000-0002-2077-1983</subfield>
            <subfield code="a">Sevil, J.</subfield>
            <subfield code="u">Universidad de Zaragoza</subfield>
        </datafield>
        <datafield tag="245" ind1=" " ind2=" ">
            <subfield code="a">Género y motivación situacional en educación física: Claves para el desarrollo de estrategias de intervención</subfield>
        </datafield>
        <datafield tag="260" ind1=" " ind2=" ">
            <subfield code="c">2015</subfield>
        </datafield>
        <datafield tag="506" ind1="0" ind2=" ">
            <subfield code="a">Access copy available to the general public</subfield>
            <subfield code="f">Unrestricted</subfield>
        </datafield>
        <datafield tag="520" ind1="3" ind2=" ">
            <subfield code="a">Numerosos estudios evidencian que los niveles de actividad física disminuyen en la adolescencia, siendo más pronunciado este descenso entre el género femenino. Por ello, y siguiendo la teoría de la autodeterminación, el objetivo del presente estudio fue analizar la influencia del género en variables motivacionales y consecuencias afectivas y cognitivas a lo largo de diferentes unidades didácticas de Educación Física. En el estudio participaron 66 alumnos (30 varones y 36 mujeres) entre los 15 y 17 años (M edad = 15.29; DT = 0.71). Al finalizar cada unidad didáctica se midieron distintas variables motivacionales situacionales: las necesidades psicológicas básicas (BPNES), la motivación autodeterminada (EMSI), las consecuencias afectivas de diversión y aburrimiento (SSI-EF) y la predisposición hacia la práctica del contenido (PEPS). Los resultados del análisis intergrupo señalan que las chicas presentan una menor percepción de competencia que los chicos en fútbol sala (p&lt;.001). Sin embargo, las chicas perciben una mayor motivación autodeterminada, diversión y actitud cognitiva en acrosport (p&lt;.001). El análisis intra-grupo muestra en el género masculino valores superiores en las variables motivacionales en el contenido de futbol en comparación con el contenido de acrosport (p&lt;.05). Por el contrario, en el género femenino puntúan más alto en las variables motivacionales en acrosport en comparación con los otros dos contenidos de deportes colectivos de cooperación-oposición (p&lt;.05). En base a ello, se proponen directrices para reorientar el proceso de enseñanza-aprendizaje en estas unidades didácticas, mediante el desarrollo y la implementación de estrategias específicas que permitan incidir en los procesos motivacionales en función del género.</subfield>
        </datafield>
        <datafield tag="540" ind1=" " ind2=" ">
            <subfield code="9">info:eu-repo/semantics/openAccess</subfield>
            <subfield code="a">by</subfield>
            <subfield code="u">http://creativecommons.org/licenses/by/3.0/es/</subfield>
        </datafield>
        <datafield tag="592" ind1=" " ind2=" ">
            <subfield code="a">0.244</subfield>
            <subfield code="b">2015</subfield>
        </datafield>
        <datafield tag="593" ind1=" " ind2=" ">
            <subfield code="a">Physical Therapy, Sports Therapy and Rehabilitation</subfield>
            <subfield code="c">2015</subfield>
            <subfield code="d">Q3</subfield>
        </datafield>
        <datafield tag="593" ind1=" " ind2=" ">
            <subfield code="a">Sports Science</subfield>
            <subfield code="c">2015</subfield>
            <subfield code="d">Q4</subfield>
        </datafield>
        <datafield tag="655" ind1=" " ind2="4">
            <subfield code="a">info:eu-repo/semantics/article</subfield>
            <subfield code="v">info:eu-repo/semantics/publishedVersion</subfield>
        </datafield>
        <datafield tag="700" ind1=" " ind2=" ">
            <subfield code="0">(orcid)0000-0002-1543-5109</subfield>
            <subfield code="a">Abós, Á.</subfield>
            <subfield code="u">Universidad de Zaragoza</subfield>
        </datafield>
        <datafield tag="700" ind1=" " ind2=" ">
            <subfield code="0">(orcid)0000-0002-7076-6621</subfield>
            <subfield code="a">Julián, J.A.</subfield>
            <subfield code="u">Universidad de Zaragoza</subfield>
        </datafield>
        <datafield tag="700" ind1=" " ind2=" ">
            <subfield code="0">(orcid)0000-0003-4755-6842</subfield>
            <subfield code="a">Murillo, B.</subfield>
            <subfield code="u">Universidad de Zaragoza</subfield>
        </datafield>
        <datafield tag="700" ind1=" " ind2=" ">
            <subfield code="0">(orcid)0000-0001-8115-0649</subfield>
            <subfield code="a">García-González, L.</subfield>
            <subfield code="u">Universidad de Zaragoza</subfield>
        </datafield>
        <datafield tag="710" ind1="2" ind2=" ">
            <subfield code="1">3001</subfield>
            <subfield code="2">187</subfield>
            <subfield code="a">Universidad de Zaragoza</subfield>
            <subfield code="b">Dpto. Expres.Music.Plást.Corp.</subfield>
            <subfield code="c">Área Didáctica Expres.Corporal</subfield>
        </datafield>
        <datafield tag="773" ind1=" " ind2=" ">
            <subfield code="g">11, 41 (2015), 281-296</subfield>
            <subfield code="p">Rev. int. cienc. deporte</subfield>
            <subfield code="t">Revista internacional de ciencias del deporte</subfield>
            <subfield code="x">1885-3137</subfield>
        </datafield>
        <datafield tag="856" ind1="4" ind2=" ">
            <subfield code="s">415565</subfield>
            <subfield code="u">http://zaguan.unizar.es/record/32793/files/texto_completo.pdf</subfield>
            <subfield code="y">Versión publicada</subfield>
        </datafield>
        <datafield tag="856" ind1="4" ind2=" ">
            <subfield code="s">13003</subfield>
            <subfield code="u">http://zaguan.unizar.es/record/32793/files/texto_completo.jpg?subformat=icon</subfield>
            <subfield code="x">icon</subfield>
            <subfield code="y">Versión publicada</subfield>
        </datafield>
        <datafield tag="909" ind1="C" ind2="O">
            <subfield code="o">oai:zaguan.unizar.es:32793</subfield>
            <subfield code="p">articulos</subfield>
            <subfield code="p">driver</subfield>
        </datafield>
        <datafield tag="951" ind1=" " ind2=" ">
            <subfield code="a">2021-01-21-11:00:11</subfield>
        </datafield>
        <datafield tag="980" ind1=" " ind2=" ">
            <subfield code="a">ARTICLE</subfield>
        </datafield>
    </record>

    
</collection>